[Event "Pardubice Open A"]
[Site "?"]
[Date "2015.07.25"]
[Round "2.32"]
[White "MAMMADZADA, Gunay"]
[Black "BIOLEK, Richard Jr"]
[Result "1/2-1/2"]
[WhiteElo "2320"]
[BlackElo "2457"]
[PlyCount "138"]
[EventDate "2015.??.??"]
[WhiteClock "0:12:20"]
[BlackClock "0:02:20"]

1. e4 e5 2. Nf3 Nc6 3. Bb5 a6 4. Ba4 Nf6 5. O-O b5 6. Bb3 Bc5 7. c3 d6 8. d4
Bb6 9. Be3 O-O 10. Nbd2 Bg4 11. h3 Bh5 12. dxe5 dxe5 13. Qe2 Re8 14. Rfd1 Rb8
15. Bxb6 cxb6 16. a4 bxa4 17. Rxa4 a5 18. Nf1 Bxf3 19. Qxf3 Qc7 20. Ne3 b5 21.
Raa1 a4 22. Ba2 Ne7 23. Ng4 Rb6 24. Rd2 Ng6 25. Rad1 Nf8 26. Ne3 g6 27. Nd5
Nxd5 28. Rxd5 Re7 29. Qe2 b4 30. cxb4 Rxb4 31. Rb5 Rd4 32. Bd5 Ne6 33. Rb7 Qd6
34. Rxe7 Qxe7 35. Rxd4 Nxd4 36. Qc4 Qd7 37. Qc5 Kg7 38. Bc4 f6 39. Bd5 g5 40.
Qb6 Ne2+ 41. Kf1 Nf4 42. Qc6 Qa7 43. Qe8 Nxd5 44. exd5 Qd4 45. Qd7+ Kg6 46. g4
e4 47. d6 Qd1+ 48. Kg2 Qf3+ 49. Kg1 e3 50. Qe8+ Kh6 51. Qf8+ Kg6 52. fxe3 Qxe3+
53. Kg2 Qd2+ 54. Kf1 Qc1+ 55. Ke2 Qxb2+ 56. Kd1 Qb3+ 57. Kc1 Qc3+ 58. Kb1 Qb3+
59. Kc1 Qc3+ 60. Kb1 Qb4+ 61. Kc2 Qc4+ 62. Kb2 Qb3+ 63. Kc1 Qc4+ 64. Kb2 Qb3+
65. Kc1 Qc3+ 66. Kb1 Qb3+ 67. Kc1 Qc3+ 68. Kb1 Qb3+ 69. Kc1 Qc3+ 1/2-1/2

[Event "Pardubice Open A"]
[Site "?"]
[Date "2015.07.25"]
[Round "2.33"]
[White "MESKOVS, Nikita"]
[Black "JANZELJ, Tim"]
[Result "1/2-1/2"]
[WhiteElo "2457"]
[BlackElo "2312"]
[PlyCount "72"]
[EventDate "2015.??.??"]
[WhiteClock "0:24:27"]
[BlackClock "0:08:26"]

1. d4 Nf6 2. c4 g6 3. Nc3 Bg7 4. g3 O-O 5. Bg2 d6 6. Nf3 Nc6 7. O-O a6 8. b3 e5
9. dxe5 dxe5 10. Ba3 Re8 11. Qxd8 Rxd8 12. Rad1 Bf5 13. Nd5 Nxd5 14. cxd5 Nd4
15. Nxd4 exd4 16. Rd2 Re8 17. Rc1 Bh6 18. f4 g5 19. Rxd4 gxf4 20. gxf4 Rxe2 21.
Rxc7 Kh8 22. Re7 Rxa2 23. Bb4 a5 24. Bc3 Bg7 25. Rd2 Rxd2 26. Bxd2 Bd4+ 27. Be3
Bxe3+ 28. Rxe3 b5 29. Re5 Bc2 30. d6 Rd8 31. Rxb5 Rxd6 32. Bd5 a4 33. Bxf7 Rf6
34. Bd5 axb3 35. Bxb3 Bxb3 36. Rxb3 Rxf4 1/2-1/2

[Event "Pardubice Open A"]
[Site "?"]
[Date "2015.07.25"]
[Round "2.34"]
[White "SABOL, Marian"]
[Black "VALSECCHI, Alessio"]
[Result "0-1"]
[WhiteElo "2312"]
[BlackElo "2457"]
[PlyCount "98"]
[EventDate "2015.??.??"]
[WhiteClock "0:49:51"]
[BlackClock "0:20:14"]

1. d4 Nf6 2. Bg5 c5 3. Bxf6 gxf6 4. d5 Qb6 5. Qc1 f5 6. c4 Bg7 7. Nc3 d6 8. e3
Nd7 9. Nf3 Ne5 10. Nxe5 Bxe5 11. g3 Bd7 12. Qc2 Qa5 13. Bd3 e6 14. O-O O-O-O
15. f4 Bf6 16. Nb5 Kb8 17. a4 Bc8 18. e4 fxe4 19. Bxe4 a6 20. Nc3 h5 21. Bf3
Bd4+ 22. Kh1 f5 23. dxe6 Bxe6 24. Nd5 h4 25. Kg2 Rh6 26. Rad1 hxg3 27. hxg3 Rg8
28. Rh1 Rxg3+ 29. Kxg3 Rg6+ 30. Bg4 Rxg4+ 31. Kf3 Qd8 32. Qh2 Bxd5+ 33. cxd5
Qe8 34. Rxd4 cxd4 35. Qh8 Rg8 36. Qxd4 Qg6 37. Qf2 Re8 38. Qg1 Qf6 39. Rh2 Qe7
40. Qd4 Qe1 41. Qd3 Qg1 42. Rg2 Qh1 43. Kf2 Qc1 44. Kf3 Re4 45. Qd2 Qf1+ 46.
Kg3 Re8 47. Qf2 Rg8+ 48. Kh3 Rh8+ 49. Kg3 Qd3+ 0-1

[Event "Pardubice Open A"]
[Site "?"]
[Date "2015.07.25"]
[Round "2.35"]
[White "CERNOUSEK, Lukas"]
[Black "MINDLIN, Alon"]
[Result "0-1"]
[WhiteElo "2455"]
[BlackElo "2310"]
[PlyCount "80"]
[EventDate "2015.??.??"]
[WhiteClock "0:00:33"]
[BlackClock "0:05:41"]

1. d4 Nf6 2. c4 e6 3. g3 d5 4. Nf3 Be7 5. Bg2 O-O 6. O-O dxc4 7. Qc2 a6 8. a4
Bd7 9. Qxc4 Bc6 10. Bf4 Nbd7 11. Nc3 Nb6 12. Qd3 Nbd5 13. Bg5 h6 14. Bxf6 Bxf6
15. e4 Nb4 16. Qe2 a5 17. Rfd1 b6 18. Rac1 Bb7 19. h4 Rc8 20. Qe3 Be7 21. Bf1
Kh7 22. Bc4 g6 23. Na2 Nxa2 24. Bxa2 Bf6 25. Bb1 h5 26. Qf4 Bg7 27. Ng5+ Kg8
28. g4 hxg4 29. Qxg4 Bh6 30. Rc3 Kg7 31. Rg3 Bxg5 32. hxg5 Rh8 33. Qf4 Rh5 34.
Qe5+ Kg8 35. Rdd3 Qe7 36. d5 Qb4 37. Rd1 exd5 38. exd5 Qh4 39. Be4 Ba6 40. Kg2
Be2 0-1

[Event "Pardubice Open A"]
[Site "?"]
[Date "2015.07.25"]
[Round "2.36"]
[White "KUTYNEC, Vladimir"]
[Black "SIMACEK, Pavel"]
[Result "1-0"]
[WhiteElo "2310"]
[BlackElo "2454"]
[PlyCount "119"]
[EventDate "2015.??.??"]
[WhiteClock "0:22:51"]
[BlackClock "0:32:03"]

1. Nf3 f5 2. b4 Nf6 3. Bb2 e6 4. b5 d5 5. e3 Nbd7 6. c4 Be7 7. cxd5 exd5 8. Bd3
Nc5 9. Bc2 a6 10. Nc3 axb5 11. Nxb5 c6 12. Nbd4 Nfe4 13. Nb3 Ne6 14. O-O O-O
15. Ne5 f4 16. f3 Nf6 17. Nd4 Nxd4 18. Bxd4 c5 19. Bb2 Qb6 20. Qb1 Qb4 21. Bc3
Qxb1 22. Rfxb1 Ne8 23. Nd3 fxe3 24. dxe3 Ra3 25. Bb2 Ra7 26. Nf4 Nf6 27. Rd1
Rd8 28. Rab1 Rxa2 29. Bb3 Ra6 30. e4 b5 31. Bxf6 gxf6 32. Bxd5+ Kf8 33. Rxb5
Bd6 34. Nd3 Bd7 35. Rxc5 Ba4 36. Ra1 Bb5 37. Rxa6 Bxa6 38. Rc3 Ke7 39. g3 Rb8
40. Kg2 Bxd3 41. Rxd3 Rb2+ 42. Kh3 h5 43. Rb3 Rxb3 44. Bxb3 Bc5 45. f4 Bg1 46.
Kg2 Be3 47. h4 f5 48. e5 Bd2 49. Bd1 Kf7 50. Bxh5+ Kg7 51. Be8 Be1 52. h5 Kh6
53. Bg6 Bb4 54. Kf3 Be1 55. Bxf5 Kxh5 56. g4+ Kh6 57. g5+ Kg7 58. Kg4 Kf7 59.
Bd3 Bd2 60. Bc4+ 1-0

[Event "Pardubice Open A"]
[Site "?"]
[Date "2015.07.25"]
[Round "2.37"]
[White "VOKAC, Marek"]
[Black "TOMAZINI, Aljosa"]
[Result "1/2-1/2"]
[WhiteElo "2453"]
[BlackElo "2309"]
[PlyCount "65"]
[EventDate "2015.??.??"]
[WhiteClock "0:10:01"]
[BlackClock "0:07:54"]

1. d4 Nf6 2. c4 g6 3. Nc3 d5 4. Bg5 Ne4 5. Qc1 Nxc3 6. bxc3 c5 7. Nf3 Nc6 8.
dxc5 dxc4 9. e4 Qa5 10. Bxc4 Qxc5 11. Bd5 Bg7 12. O-O O-O 13. Rb1 Qxc3 14. Qf4
e6 15. Bxc6 e5 16. Qc1 Qxc6 17. Qxc6 bxc6 18. Rfc1 Be6 19. Rxc6 Bxa2 20. Ra1
Be6 21. Rca6 Rfb8 22. h3 Rb7 23. Nd2 Bd7 24. Be3 Bb5 25. Rxa7 Rbxa7 26. Rxa7
Rxa7 27. Bxa7 Bh6 28. Nf1 Bd3 29. f3 f5 30. exf5 gxf5 31. g4 fxg4 32. hxg4 e4
33. fxe4 1/2-1/2

[Event "Pardubice Open A"]
[Site "?"]
[Date "2015.07.25"]
[Round "2.38"]
[White "KOCHETKOVA, Julia"]
[Black "WESTERBERG, Jonathan"]
[Result "0-1"]
[WhiteElo "2309"]
[BlackElo "2452"]
[PlyCount "86"]
[EventDate "2015.??.??"]
[WhiteClock "0:27:36"]
[BlackClock "0:32:54"]

1. e4 c5 2. Nf3 Nc6 3. d4 cxd4 4. Nxd4 Nf6 5. Nc3 e6 6. a3 Qc7 7. Be3 a6 8. Be2
b5 9. O-O Bb7 10. Qd2 Ne5 11. Bf4 Be7 12. Rad1 O-O 13. Bxe5 Qxe5 14. Nf3 Qc7
15. e5 Nd5 16. Ne4 Rac8 17. Bd3 f5 18. exf6 Nxf6 19. Nxf6+ Rxf6 20. Ng5 Rh6 21.
h3 Qc5 22. Ne4 Qe5 23. c3 Rf8 24. Qe2 Qc7 25. a4 bxa4 26. Bxa6 Bxe4 27. Qxe4
Bc5 28. Qxa4 Qg3 29. Rd3 Bxf2+ 30. Kh1 Rf3 31. Rxf2 Rxd3 32. Bxd3 Qxf2 33. Qxd7
Qe1+ 34. Kh2 Qe5+ 35. Kh1 Qf4 36. Bc4 Qb8 37. b4 Rf6 38. b5 Rf8 39. Qxe6+ Kh8
40. Qe1 Re8 41. Qf2 Qc7 42. Qh4 Ra8 43. Kg1 Ra4 0-1

[Event "Pardubice Open A"]
[Site "?"]
[Date "2015.07.25"]
[Round "2.39"]
[White "GOLUBOV, Saveliy"]
[Black "TYMRAKIEWICZ, Rafal"]
[Result "1/2-1/2"]
[WhiteElo "2446"]
[BlackElo "2306"]
[PlyCount "57"]
[EventDate "2015.??.??"]
[WhiteClock "0:19:09"]
[BlackClock "0:18:08"]

1. e4 Nf6 2. e5 Nd5 3. d4 d6 4. Nf3 Bg4 5. Be2 Nc6 6. c4 Nb6 7. exd6 exd6 8.
O-O Be7 9. d5 Bxf3 10. Bxf3 Ne5 11. Be2 O-O 12. a4 a5 13. Na3 Bf6 14. Rb1 Re8
15. Be3 Ned7 16. Nb5 Nc5 17. b3 Nbd7 18. Re1 g6 19. Qc2 Be5 20. g3 Bf6 21. Rbd1
Na6 22. Bd2 b6 23. Bf1 Ndc5 24. Be3 Qd7 25. h4 Re7 26. Kh2 Rae8 27. Bh3 Qd8 28.
Qb1 Ne4 29. Qc1 1/2-1/2

[Event "Pardubice Open A"]
[Site "?"]
[Date "2015.07.25"]
[Round "2.40"]
[White "POPOV, Mikhail"]
[Black "DAS, Sayantan"]
[Result "0-1"]
[WhiteElo "2308"]
[BlackElo "2444"]
[PlyCount "66"]
[EventDate "2015.??.??"]
[WhiteClock "0:03:44"]
[BlackClock "0:17:22"]

1. e4 e6 2. d4 d5 3. e5 c5 4. c3 Qb6 5. Nf3 Nc6 6. Na3 Bd7 7. Nc2 cxd4 8. cxd4
Rc8 9. Bd3 Nb4 10. Nxb4 Bxb4+ 11. Bd2 Bxd2+ 12. Qxd2 Bb5 13. O-O Ne7 14. Bxb5+
Qxb5 15. Qg5 Nf5 16. g4 h6 17. Qd2 Ne7 18. Rac1 O-O 19. Rxc8 Rxc8 20. Ne1 Qa4
21. f4 Rc4 22. b3 Qb4 23. Qf2 Rc1 24. f5 Qc3 25. fxe6 fxe6 26. Qf7+ Kh7 27. Nf3
Qe3+ 28. Kg2 Rc2+ 29. Kg3 Ng6 30. h4 Qe2 31. Rg1 Qf2+ 32. Kh3 Rc3 33. Rg3 Qf1+
0-1

[Event "Pardubice Open A"]
[Site "?"]
[Date "2015.07.25"]
[Round "2.41"]
[White "JEDLICKA, Ales"]
[Black "MALAKHOV, Igor"]
[Result "0-1"]
[WhiteElo "2299"]
[BlackElo "2440"]
[PlyCount "92"]
[EventDate "2015.??.??"]
[WhiteClock "0:24:03"]
[BlackClock "0:26:34"]

1. d4 Nf6 2. c4 g6 3. Nc3 Bg7 4. e4 d6 5. Be2 c5 6. d5 O-O 7. Nf3 e6 8. O-O Re8
9. Nd2 Na6 10. Kh1 Nc7 11. a4 Rb8 12. Ra3 a6 13. a5 exd5 14. cxd5 Bd7 15. Rb3
Nb5 16. Nxb5 axb5 17. Bxb5 Bxb5 18. Rxb5 Nxe4 19. Nxe4 Rxe4 20. Be3 f5 21. Qd3
Qd7 22. Rb6 Ra8 23. Qb5 Qxb5 24. Rxb5 Rb4 25. Rxb4 cxb4 26. b3 Rxa5 27. Rd1 Ra2
28. g3 Rb2 29. Rd3 Bc3 30. Bf4 Rxb3 31. Bxd6 Rb1+ 32. Kg2 Bf6 33. f4 Kf7 34.
Be5 Bd8 35. d6 Ke6 36. h3 b3 37. g4 g5 38. gxf5+ Kxf5 39. Rd5 gxf4 40. Rb5 Ke4
41. Bc3 f3+ 42. Kg3 Rg1+ 43. Kf2 Rg2+ 44. Kf1 Rc2 45. Be1 b2 46. Rxb7 f2 0-1

[Event "Pardubice Open A"]
[Site "?"]
[Date "2015.07.25"]
[Round "2.42"]
[White "MACHAN, Jan"]
[Black "STEINBERG, Nitzan"]
[Result "0-1"]
[WhiteElo "2286"]
[BlackElo "2435"]
[PlyCount "80"]
[EventDate "2015.??.??"]
[WhiteClock "0:00:55"]
[BlackClock "0:20:09"]

1. d4 d5 2. c4 c6 3. cxd5 cxd5 4. Nc3 Nc6 5. Bf4 Nf6 6. e3 e6 7. Bd3 Be7 8. Nf3
Nh5 9. Be5 O-O 10. Rc1 a6 11. a3 g6 12. O-O f6 13. Bg3 Nxg3 14. hxg3 f5 15. Na4
g5 16. Nc5 g4 17. Ne1 Bd6 18. Be2 Ne7 19. Ncd3 Ng6 20. Nf4 Nxf4 21. gxf4 Qh4
22. g3 Qh3 23. Ng2 Rf6 24. Re1 Rh6 25. Nh4 Rxh4 26. gxh4 Bd7 27. Bf1 Qxh4 28.
Bg2 Kh8 29. Qb3 b5 30. Bxd5 g3 31. fxg3 Qxg3+ 32. Bg2 Bxf4 33. Re2 Rg8 34. Qc3
b4 35. axb4 Qh2+ 36. Kf1 Bb5 37. Ke1 Bg3+ 38. Kd2 Bxe2 39. Rh1 Qxg2 40. d5+ e5
0-1

[Event "Pardubice Open A"]
[Site "?"]
[Date "2015.07.25"]
[Round "2.43"]
[White "SUNDARARAJAN, Kidambi"]
[Black "ALEXIADIS, Hristos"]
[Result "1-0"]
[WhiteElo "2433"]
[BlackElo "2296"]
[PlyCount "61"]
[EventDate "2015.??.??"]
[WhiteClock "0:08:52"]
[BlackClock "0:52:07"]

1. d4 Nf6 2. c4 e6 3. Nf3 c5 4. e3 b6 5. Nc3 a6 6. Bd3 d6 7. O-O Nbd7 8. d5
exd5 9. cxd5 b5 10. e4 c4 11. Bc2 Nc5 12. Re1 Bg4 13. e5 dxe5 14. Rxe5+ Kd7 15.
d6 Ne6 16. Ne4 Rc8 17. Rxb5 Bxf3 18. Rb7+ Kc6 19. Qxf3 Nd4 20. Qd1 Nxc2 21.
Rxf7 Nxe4 22. Qxc2 Nxd6 23. Qa4+ Kd5 24. Rd7 Qb6 25. Bf4 Qb5 26. Qd1+ Ke6 27.
Qg4+ Qf5 28. Rxd6+ Bxd6 29. Re1+ Kf6 30. Bg5+ Qxg5 31. Qe6# 1-0

[Event "Pardubice Open A"]
[Site "?"]
[Date "2015.07.25"]
[Round "2.44"]
[White "ALI MARANDI, Cemil Can"]
[Black "MANN, Johannes"]
[Result "1-0"]
[WhiteElo "2431"]
[BlackElo "2295"]
[PlyCount "59"]
[EventDate "2015.??.??"]
[WhiteClock "1:03:29"]
[BlackClock "0:01:48"]

1. d4 d5 2. c4 c6 3. Nf3 Nf6 4. e3 a6 5. Bd3 e6 6. b3 Be7 7. O-O O-O 8. Bb2 b6
9. Nbd2 Bb7 10. e4 dxe4 11. Nxe4 c5 12. Qc2 Nc6 13. Nxf6+ Bxf6 14. Bxh7+ Kh8
15. Be4 cxd4 16. Rad1 e5 17. Qe2 Kg8 18. Bxc6 Bxc6 19. Nxe5 Bxe5 20. Qxe5 Re8
21. Qg3 f6 22. Rxd4 Qe7 23. Rd6 Qe4 24. Bxf6 Ra7 25. Bc3 Rf7 26. h4 Re6 27. Re1
Qxg2+ 28. Qxg2 Rxe1+ 29. Bxe1 Bxg2 30. Kxg2 1-0

[Event "Pardubice Open A"]
[Site "?"]
[Date "2015.07.25"]
[Round "2.45"]
[White "HEINEMANN, Josefine"]
[Black "AKESSON, Ralf"]
[Result "1-0"]
[WhiteElo "2286"]
[BlackElo "2428"]
[PlyCount "83"]
[EventDate "2015.??.??"]
[WhiteClock "0:24:13"]
[BlackClock "0:01:33"]

1. e4 c6 2. d4 d5 3. Nd2 dxe4 4. Nxe4 Nd7 5. Ng5 Ngf6 6. Bd3 g6 7. N1f3 Bg7 8.
Qe2 O-O 9. O-O Nb6 10. c3 Bg4 11. h3 Bxf3 12. Nxf3 a5 13. Bd2 Qc7 14. Rfe1 e6
15. Rad1 a4 16. g3 c5 17. Bf4 Qe7 18. dxc5 Qxc5 19. Be3 Qc7 20. c4 Nbd7 21. Nd4
Ne5 22. Bf4 Nfd7 23. Nb5 Qc5 24. Be4 Rad8 25. Nd6 Rb8 26. b3 axb3 27. axb3 Qb4
28. Bc2 Ra8 29. Qe3 Ra2 30. Re2 Rb2 31. Kg2 Ra8 32. Nxf7 Rxc2 33. Nxe5 Rxe2 34.
Qxe2 Nc5 35. Nd3 Qb6 36. Nxc5 Qxc5 37. Qxe6+ Kh8 38. Rd7 Qc6+ 39. Qxc6 bxc6 40.
Rb7 Bd4 41. Rb8+ Rxb8 42. Bxb8 1-0

[Event "Pardubice Open A"]
[Site "?"]
[Date "2015.07.25"]
[Round "2.46"]
[White "SEVERINA, Maria"]
[Black "GAGARE, Shardul"]
[Result "0-1"]
[WhiteElo "2276"]
[BlackElo "2425"]
[PlyCount "60"]
[EventDate "2015.??.??"]
[WhiteClock "0:00:36"]
[BlackClock "0:03:59"]

1. d4 Nf6 2. c4 e6 3. Nf3 d5 4. Nc3 Be7 5. Bf4 O-O 6. e3 Nbd7 7. cxd5 Nxd5 8.
Nxd5 exd5 9. Bd3 c5 10. O-O c4 11. Bc2 b5 12. e4 Bb7 13. e5 Re8 14. Nd2 Qb6 15.
Be3 Rac8 16. Rc1 g6 17. Bb1 b4 18. f4 c3 19. Nf3 cxb2 20. Rxc8 Rxc8 21. f5 b3
22. axb3 Ba6 23. Re1 Ba3 24. e6 fxe6 25. fxe6 Qxe6 26. Ng5 Qf6 27. h4 Bb4 28.
Qg4 Nf8 29. Rd1 Re8 30. Qg3 Be2 0-1

[Event "Pardubice Open A"]
[Site "?"]
[Date "2015.07.25"]
[Round "2.47"]
[White "ZUMSANDE, Martin"]
[Black "BEKHOVSKIY, Mikhail"]
[Result "1/2-1/2"]
[WhiteElo "2423"]
[BlackElo "2286"]
[PlyCount "77"]
[EventDate "2015.??.??"]
[WhiteClock "0:05:43"]
[BlackClock "0:09:53"]

1. e4 e5 2. Nf3 Nc6 3. d4 exd4 4. Nxd4 Nf6 5. Nxc6 bxc6 6. e5 Qe7 7. Qe2 Nd5 8.
c4 Ba6 9. Nd2 g6 10. Nf3 Qb4+ 11. Kd1 O-O-O 12. Qd2 Nb6 13. Qxb4 Bxb4 14. Bg5
Rde8 15. Rc1 Be7 16. Bd3 Na4 17. Kc2 Nc5 18. Rhe1 Bb7 19. Bxe7 Rxe7 20. b4 Nxd3
21. Kxd3 c5 22. bxc5 Bxf3 23. gxf3 Kb7 24. Kd4 Kc6 25. Rc3 f6 26. Ra3 fxe5+ 27.
Rxe5 Rf7 28. Ke3 Rhf8 29. Ke2 a5 30. h4 Ra8 31. h5 Rf4 32. hxg6 hxg6 33. Ra4
Raf8 34. Rg5 Rxf3 35. Rxa5 Rxf2+ 36. Ke3 R8f3+ 37. Ke4 Rf4+ 38. Ke3 R4f3+ 39.
Ke4 1/2-1/2

[Event "Pardubice Open A"]
[Site "?"]
[Date "2015.07.25"]
[Round "2.48"]
[White "SHILOV, Sergej"]
[Black "KOBO, Ori"]
[Result "1/2-1/2"]
[WhiteElo "2201"]
[BlackElo "2422"]
[PlyCount "71"]
[EventDate "2015.??.??"]
[WhiteClock "0:04:08"]
[BlackClock "0:04:29"]

1. Nf3 Nf6 2. c4 c5 3. Nc3 d5 4. cxd5 Nxd5 5. d4 Nxc3 6. bxc3 g6 7. e4 Bg7 8.
Bc4 O-O 9. Be3 Nc6 10. O-O cxd4 11. cxd4 Bg4 12. Bd5 Rc8 13. Rb1 Qd7 14. h3
Bxf3 15. Qxf3 e6 16. Bxc6 Rxc6 17. d5 exd5 18. exd5 Ra6 19. Rfe1 b6 20. Re2 Ra3
21. Rd1 Bh6 22. d6 Bxe3 23. Rxe3 Rxe3 24. Qxe3 Re8 25. Qd4 Re6 26. a4 h6 27. h4
Kh7 28. Qd5 Kg7 29. g3 a6 30. Kg2 Kh7 31. Rd4 b5 32. a5 b4 33. Rxb4 Rxd6 34.
Qf3 Qe6 35. Rb7 Kg7 36. Qc3+ 1/2-1/2

[Event "Pardubice Open A"]
[Site "?"]
[Date "2015.07.25"]
[Round "2.49"]
[White "MITUROVA, Magdalena"]
[Black "BLAHYNKA, Martin"]
[Result "0-1"]
[WhiteElo "2149"]
[BlackElo "2420"]
[PlyCount "62"]
[EventDate "2015.??.??"]
[WhiteClock "0:11:46"]
[BlackClock "0:09:26"]

1. e4 c5 2. Nf3 Nc6 3. d4 cxd4 4. Nxd4 Nf6 5. Nc3 d6 6. Bc4 Qb6 7. Nb3 e6 8.
Be3 Qc7 9. Qe2 a6 10. f4 b5 11. Bd3 b4 12. Nd1 e5 13. fxe5 dxe5 14. Bg5 Bg4 15.
Qf2 Bxd1 16. Rxd1 Be7 17. Bxf6 Bxf6 18. O-O O-O 19. Qg3 Kh8 20. c3 bxc3 21.
bxc3 Nd8 22. Rf3 Qxc3 23. Bf1 Qc6 24. Rc1 Qb6+ 25. Kh1 Ne6 26. Rfc3 Bg5 27.
R1c2 Bf4 28. Qe1 a5 29. a4 Qb4 30. Bb5 Nd4 31. Rb2 Nxb5 0-1

[Event "Pardubice Open A"]
[Site "?"]
[Date "2015.07.25"]
[Round "2.50"]
[White "VOGEL, Roven"]
[Black "GIANNOULAKIS, Labros"]
[Result "1-0"]
[WhiteElo "2420"]
[BlackElo "2283"]
[PlyCount "135"]
[EventDate "2015.??.??"]
[WhiteClock "0:12:12"]
[BlackClock "0:01:43"]

1. Nf3 Nf6 2. c4 g6 3. Nc3 Bg7 4. d4 O-O 5. e4 d6 6. Be2 e5 7. O-O Nc6 8. d5
Ne7 9. Ne1 Ne8 10. Nd3 f5 11. f3 f4 12. Bd2 g5 13. Rc1 c5 14. Rb1 Rf6 15. b4 b6
16. bxc5 bxc5 17. Nb5 Rg6 18. Rb3 h5 19. Nf2 Bd7 20. h3 Nc8 21. Qe1 Rb8 22. Ba5
Qe7 23. Nxa7 Rxb3 24. Nxc8 Bxc8 25. axb3 Nf6 26. b4 g4 27. fxg4 hxg4 28. Bxg4
Nxg4 29. Nxg4 Bxg4 30. hxg4 cxb4 31. Bxb4 Rxg4 32. Qe2 Rg6 33. Qh5 Rg5 34. Qh3
Qa7+ 35. c5 dxc5 36. Be1 c4+ 37. Bf2 Qf7 38. Rc1 f3 39. g3 Rh5 40. Qg4 Rh6 41.
Rxc4 Qb7 42. Rc8+ Kf7 43. Qf5+ Rf6 44. Qh5+ Rg6 45. Qxf3+ Bf6 46. Rc1 Qd7 47.
Ra1 Qg4 48. Ra7+ Kg8 49. Qxg4 Rxg4 50. d6 Rxe4 51. Ra8+ Kf7 52. d7 Ke6 53. Ra6+
Kxd7 54. Rxf6 Ke7 55. Ra6 Re2 56. Kg2 Re4 57. Kf3 Rc4 58. Be3 Kf7 59. g4 Rb4
60. Rb6 Ra4 61. Bd2 Rd4 62. Bh6 Rd1 63. Ke4 Re1+ 64. Kf5 Rf1+ 65. Kxe5 Rf2 66.
Bf4 Ra2 67. Kf5 Ra5+ 68. Be5 1-0

[Event "Pardubice Open A"]
[Site "?"]
[Date "2015.07.25"]
[Round "2.51"]
[White "VOKOUN, Jan"]
[Black "BAGI, Mate"]
[Result "0-1"]
[WhiteElo "2140"]
[BlackElo "2417"]
[PlyCount "84"]
[EventDate "2015.??.??"]
[WhiteClock "0:08:47"]
[BlackClock "0:29:26"]

1. Nf3 Nf6 2. g3 g6 3. c4 Bg7 4. Bg2 d5 5. cxd5 Nxd5 6. O-O O-O 7. Nc3 Nc6 8.
Qb3 Nb6 9. d3 a5 10. Be3 Be6 11. Qc2 Nd5 12. Bd2 h6 13. a3 Qc8 14. Rfd1 Rd8 15.
Nxd5 Bxd5 16. Bc3 e5 17. b4 Nd4 18. Bxd4 exd4 19. Nd2 Bxg2 20. Kxg2 Qd7 21.
Rab1 axb4 22. axb4 Re8 23. Nf3 c6 24. Qb2 Qd5 25. Rd2 b5 26. Rc2 Ra6 27. Ra1
Rea8 28. Rxa6 Rxa6 29. Qc1 g5 30. Rc5 Qe6 31. Qb2 Ra2 32. Qc1 Qxe2 33. Qe1 Qxe1
34. Nxe1 Bf8 35. Rxc6 Bxb4 36. Nf3 Bc3 37. Rxh6 b4 38. Rb6 f6 39. Ng1 Ra3 40.
Kf3 b3 41. Ke4 b2 42. Nf3 Ra1 0-1

[Event "Pardubice Open A"]
[Site "?"]
[Date "2015.07.25"]
[Round "2.52"]
[White "WALTER, Florian"]
[Black "RESHEF, Omer"]
[Result "0-1"]
[WhiteElo "2140"]
[BlackElo "2410"]
[PlyCount "66"]
[EventDate "2015.??.??"]
[WhiteClock "0:03:01"]
[BlackClock "0:11:42"]

1. c4 c6 2. g3 d5 3. Bg2 Nf6 4. Nf3 Bf5 5. cxd5 cxd5 6. Qb3 Nc6 7. Qxb7 Bd7 8.
Qb3 e5 9. O-O e4 10. Ne1 Rb8 11. Qd1 h5 12. d3 Bc5 13. dxe4 dxe4 14. Qc2 Qe7
15. Bf4 Rd8 16. Nc3 Nd4 17. Qb1 Bb4 18. e3 Bxc3 19. exd4 Bxd4 20. Nc2 Bb6 21.
Ne3 Bb5 22. Re1 Bd3 23. Qd1 O-O 24. Qb3 Rc8 25. Rac1 Qd7 26. Red1 Rxc1 27. Rxc1
Rc8 28. Rd1 Rd8 29. Bg5 Qe6 30. Qxe6 fxe6 31. Rc1 Kf7 32. Rc6 Bb5 33. Rc2 Bxe3
0-1

[Event "Pardubice Open A"]
[Site "?"]
[Date "2015.07.25"]
[Round "2.53"]
[White "ARAT, Ufuk Sezen"]
[Black "OKUN, Leonid"]
[Result "1-0"]
[WhiteElo "2409"]
[BlackElo "2277"]
[PlyCount "103"]
[EventDate "2015.??.??"]
[WhiteClock "0:30:31"]
[BlackClock "0:06:57"]

1. d4 e6 2. c4 f5 3. Nf3 Nf6 4. g3 c6 5. Bg2 d5 6. O-O Bd6 7. b3 Qe7 8. Nc3
Nbd7 9. Qc2 Ne4 10. Bb2 O-O 11. e3 g5 12. Ne2 Qg7 13. a4 g4 14. Ne1 Ng5 15. Ba3
Bxa3 16. Rxa3 Qe7 17. Ra1 a5 18. Nf4 Kh8 19. Ned3 b6 20. Rfc1 Ba6 21. h4 gxh3
22. Nxh3 Nxh3+ 23. Bxh3 Rac8 24. Nf4 Qf6 25. cxd5 cxd5 26. Qb2 Nb8 27. Qa3 Rcd8
28. Rc7 Rf7 29. Rac1 Kg8 30. Bg2 Rdd7 31. R7c3 Rf8 32. Rc7 Rff7 33. Rxd7 Rxd7
34. Bf1 Bxf1 35. Kxf1 Kf7 36. Rc8 Rd8 37. Rc7+ Rd7 38. Rc8 Rd8 39. Qc1 Qe7 40.
Rc7 Rd7 41. Rc2 Na6 42. Qd1 Rc7 43. Kg2 Ke8 44. Re2 Rc6 45. Re1 Nc7 46. Rh1 Kd7
47. Rh4 Kc8 48. Rh6 Rc3 49. Qh5 Rxb3 50. Nxe6 Nxe6 51. Qxf5 Rc3 52. Rxe6 1-0

[Event "Pardubice Open A"]
[Site "?"]
[Date "2015.07.25"]
[Round "2.54"]
[White "LOKANDER, Martin"]
[Black "STRUGNELL, Carl"]
[Result "1/2-1/2"]
[WhiteElo "2403"]
[BlackElo "2275"]
[PlyCount "117"]
[EventDate "2015.??.??"]
[WhiteClock "1:09:04"]
[BlackClock "0:10:05"]

1. d4 e6 2. c4 Nf6 3. Nc3 Bb4 4. f3 d5 5. a3 Bxc3+ 6. bxc3 c5 7. cxd5 exd5 8.
e3 Qc7 9. Ne2 O-O 10. g4 Nc6 11. Bg2 h6 12. O-O b6 13. Qd3 Re8 14. Nf4 a5 15.
Re1 Ba6 16. Qd2 cxd4 17. cxd4 a4 18. h4 Na5 19. Qf2 g5 20. hxg5 hxg5 21. Nh3
Bd3 22. e4 dxe4 23. Bxg5 Re6 24. Nf4 Rc6 25. Bxf6 Qxf4 26. Be5 Qg5 27. fxe4 Nb3
28. Bf4 Qg6 29. Rad1 Bc2 30. e5 Bxd1 31. Bxc6 Qxc6 32. Rxd1 Ra5 33. Bg5 Qe4 34.
Kh2 Rd5 35. Be3 Qh7+ 36. Kg3 Nc5 37. Qf3 Ne4+ 38. Kf4 Nc3 39. Rc1 Qh2+ 40. Kg5
f6+ 41. Kxf6 Qh7 42. Kg5 Rd7 43. Rxc3 Rg7+ 44. Kf4 Rf7+ 45. Kg3 Rxf3+ 46. Kxf3
Qb7+ 47. Kf4 Kf7 48. g5 b5 49. Bd2 b4 50. axb4 Qg2 51. Bc1 Ke6 52. g6 Kd5 53.
Be3 Qf1+ 54. Kg5 Ke4 55. g7 Qf5+ 56. Kh6 Qh3+ 57. Kg6 Qf5+ 58. Kh6 Qh3+ 59. Kg6
1/2-1/2

[Event "Pardubice Open A"]
[Site "?"]
[Date "2015.07.25"]
[Round "2.55"]
[White "BARAEVA, Irina"]
[Black "TOMAZINI, Zan"]
[Result "1-0"]
[WhiteElo "2122"]
[BlackElo "2401"]
[PlyCount "107"]
[EventDate "2015.??.??"]
[WhiteClock "0:10:44"]
[BlackClock "0:01:31"]

1. d4 g6 2. c4 Bg7 3. e4 d6 4. Nf3 Nf6 5. Nc3 O-O 6. Be2 Na6 7. O-O e5 8. Be3
Ng4 9. Bg5 Qe8 10. Nd5 f6 11. Bh4 c6 12. Nc3 Nc7 13. dxe5 dxe5 14. c5 Ne6 15.
b4 Nh6 16. Bg3 Nf7 17. Qc2 g5 18. h3 h5 19. Rad1 Kh8 20. Bc4 Bh6 21. Kh1 Rg8
22. Ne2 Rg7 23. Qb3 g4 24. hxg4 hxg4 25. Nh4 Rh7 26. Kg1 Bg5 27. Nf5 Nh6 28.
Nxh6 Rxh6 29. f3 Nf4 30. Bxf4 exf4 31. Bf7 Qe7 32. Nd4 g3 33. Rfe1 Rh7 34. Bg6
Rh2 35. Nf5 Qf8 36. Rd6 Bxf5 37. Bxf5 Qh6 38. Bh3 Rxh3 39. gxh3 Qxh3 40. Qb2 a5
41. a3 axb4 42. axb4 Qh5 43. Rd3 Kg7 44. Red1 Rh8 45. Qg2 Qe8 46. Qc2 Qe5 47.
Qc3 Qe6 48. Qb2 Rh3 49. Rd7+ Kg6 50. R1d6 Qc4 51. Qb1 Qc3 52. e5+ Kh5 53. Rh7+
Bh6 54. Qf5+ 1-0

[Event "Pardubice Open A"]
[Site "?"]
[Date "2015.07.25"]
[Round "2.56"]
[White "KRAUS, Tomas"]
[Black "WIEBE, Patrick"]
[Result "1-0"]
[WhiteElo "2399"]
[BlackElo "2205"]
[PlyCount "75"]
[EventDate "2015.??.??"]
[WhiteClock "0:02:44"]
[BlackClock "0:02:13"]

1. d4 d5 2. Nf3 c6 3. e3 Nf6 4. Bd3 Bg4 5. c4 Nbd7 6. h3 Bxf3 7. Qxf3 e6 8. Nc3
Bd6 9. O-O O-O 10. c5 Bc7 11. b4 e5 12. Qd1 Re8 13. b5 exd4 14. exd4 Ne4 15.
bxc6 bxc6 16. Ne2 Qh4 17. Rb1 Rab8 18. Rxb8 Bxb8 19. Qb3 Nf8 20. Qb7 Qf6 21.
Be3 h5 22. Ng3 Bxg3 23. fxg3 Qe6 24. Bxe4 Re7 25. Qa8 Qxe4 26. Bf4 Re8 27. Qxc6
Qxd4+ 28. Kh2 Re2 29. Qc8 Qe4 30. Rg1 d4 31. c6 d3 32. c7 Qc6 33. Qd8 Rc2 34.
Bd6 d2 35. Bxf8 Qxc7 36. Qxc7 Rxc7 37. Bb4 Rc2 38. a3 1-0